Mrs Pepperpot and the hidden treasure / (Record no. 8293)

MARC details
000 -LEADER
fixed length control field 01167nam a22003017a 4500
001 - CONTROL NUMBER
control field 8293
003 - CONTROL NUMBER IDENTIFIER
control field FISKH
005 - DATE AND TIME OF LATEST TRANSACTION
control field 20250908150143.0
008 - FIXED-LENGTH DATA ELEMENTS--GENERAL INFORMATION
fixed length control field 250908b cb ||||| |||| 00| 0 eng d
020 ## - INTERNATIONAL STANDARD BOOK NUMBER
International Standard Book Number 9780091717308
040 ## - CATALOGING SOURCE
Original cataloging agency FISKH
Language of cataloging eng
Transcribing agency FISKH
Modifying agency FISKH
082 ## - DEWEY DECIMAL CLASSIFICATION NUMBER
Classification number 839.82374
100 ## - MAIN ENTRY--PERSONAL NAME
Personal name Proysen, Alf
245 ## - TITLE STATEMENT
Title Mrs Pepperpot and the hidden treasure /
Statement of responsibility, etc. By Alf Proysen : Illustrated by David Arthur
260 ## - PUBLICATION, DISTRIBUTION, ETC.
Place of publication, distribution, etc. London :
Name of publisher, distributor, etc. A Red Fox Book ,
Date of publication, distribution, etc. 1960.
300 ## - PHYSICAL DESCRIPTION
Extent 32 unnumbered pages :
Other physical details color illustrations ;
Dimensions 20 cm .
490 ## - SERIES STATEMENT
Series statement Mrs. Pepperpot
Volume/sequential designation 5
505 ## - FORMATTED CONTENTS NOTE
Formatted contents note K <br/>
520 ## - SUMMARY, ETC.
Summary, etc. Mrs Pepperpot has a problem -- poor Mrs Pepperpot has shrunk again! Puss wants to show her some treasure, in the neighbour's barn and they set off with Mrs Pepperpot holding tight to Puss's back. Together they have to dodge angry magpies, snowballs and next door's dog. But when they reach the treasure it's all worth it!
521 8# - TARGET AUDIENCE NOTE
Target audience note 510 <br/>
Source Lexile estimate <br/>
521 8# - TARGET AUDIENCE NOTE
Target audience note K <br/>
Source Raz-Plus <br/>
650 ## - SUBJECT ADDED ENTRY--TOPICAL TERM
Topical term or geographic name entry element Dogs
Form subdivision Fiction
650 ## - SUBJECT ADDED ENTRY--TOPICAL TERM
Topical term or geographic name entry element Cats
Form subdivision Fiction
650 ## - SUBJECT ADDED ENTRY--TOPICAL TERM
Topical term or geographic name entry element Animals
Form subdivision Ficton
700 ## - ADDED ENTRY--PERSONAL NAME
Personal name Arthur, David
942 ## - ADDED ENTRY ELEMENTS (KOHA)
Source of classification or shelving scheme Dewey Decimal Classification
Koha item type Books
Suppress in OPAC No
Holdings
Withdrawn status Lost status Source of classification or shelving scheme Damaged status Not for loan Collection Home library Current library Shelving location Date acquired Total Checkouts Full call number Barcode Date last seen Price effective from Koha item type
    Dewey Decimal Classification     Juvenile Fiction Footprints International School Library Network Toul Tom Poung Campus Footprints International School Library Network Toul Tom Poung Campus TTP Primary Yellow Bookshelves 09/08/2025   PRO 839.82374 FIS01759 09/08/2025 09/08/2025 Books